| 000 | 00518nam a2200181Ia 4500 | ||
|---|---|---|---|
| 008 | 240925s9999 xx 000 0 und d | ||
| 020 | _a9812531149 | ||
| 082 | _a621.38431 MIS | ||
| 100 | _aMisra , D .K | ||
| 245 | 0 | _aRadio-Frequency and Microwave Communication Circuits: analysis and design | |
| 250 | _aNA | ||
| 260 |
_aNew York: _bJohn Wiley & Sons _c,2004. |
||
| 300 |
_axxiv,621p. _bNA _fOriginal |
||
| 500 | _aIncludes Index | ||
| 600 | _aTelecommunication Engineering | ||
| 650 | _aTechnology | ||
| 942 | _cBK | ||
| 999 |
_c8352 _d8352 |
||